Engaging learners: outstanding teaching
Guardat en:
| Autors principals: | , |
|---|---|
| Format: | Llibre |
| Idioma: | anglès |
| Publicat: |
Carnforth
Crown House Publishing
2012
|
| Edició: | 1a. ed |
| Col·lecció: | The Outstading Teaching Series
|
| Matèries: | |
| Etiquetes: |
Afegir etiqueta
Sense etiquetes, Sigues el primer a etiquetar aquest registre!
|
MARC
| LEADER | 00000cam a2200000 a 4500 | ||
|---|---|---|---|
| 001 | UCC3007 | ||
| 003 | CL-VaPUC | ||
| 008 | 180329e20120000uk |||||||||||||||||eng|d | ||
| 020 | |a 9781845907976 | ||
| 082 | 0 | 4 | |a 372.1024 |b GRI |2 21 |
| 100 | 0 | |a Griffith, Andy |e author |9 597020 | |
| 700 | 0 | |a Burns, Mark |e author |9 597021 | |
| 245 | 1 | 0 | |a Engaging learners: outstanding teaching |
| 250 | |a 1a. ed | ||
| 300 | |a 189 p | ||
| 942 | |c BK | ||
| 945 | |d 20180329 11:34:00 |a arojas | ||
| 260 | |a Carnforth |b Crown House Publishing |c 2012 | ||
| 650 | 0 | |a Relación profesor-alumno |9 525093 | |
| 650 | 0 | |a Manejo del aula |9 547007 | |
| 650 | 0 | |a Métodos de enseñanza |9 270413 | |
| 583 | |a last modification |c 20180329 11:34:00 |k Rodrigo Vera | ||
| 490 | 0 | |a The Outstading Teaching Series | |
| 999 | |c 370874 |d 370872 | ||
| 952 | |0 0 |1 0 |3 erb |4 0 |6 372_102400000000000_GRI_2012 |7 0 |8 A |9 487566 |a BIBEDU |b BIBEDU |i 5461316 |o 372.1024 GRI 2012 |p 5461316 |r 2019-11-24 |w 2019-11-24 |y BK |z Catalogado en:20180329 |k LIT | ||
| 952 | |0 0 |1 0 |3 erb |4 0 |6 372_102400000000000_GRI_2012 |7 0 |8 A |9 487567 |a BIBEDU |b BIBEDU |i 5464978 |o 372.1024 GRI 2012 |p 5464978 |r 2019-11-24 |w 2019-11-24 |y BK |z Catalogado en:20180413 |k LIT | ||